000 00535nam a2200193 i 4500
001 15600
003 ES-MaACL
005 20230906151119.0
007 t|
008 000405s1999 sp ||||0| spa j
020 _a84-204-8313-3
040 _aM-BN
_bspa
_cM-BN
080 _a821.134.2(85)-32"19"
100 1 _aBryce Echenique, Alfredo.
_932256
245 1 0 _aGuía triste de París /
_cAlfredo Bryce Echenique.
260 _aMadrid :
_bAlfaguara,
_c[1999]
300 _a211 p. ;
_c22 cm.
852 _aES-MaACL
_jL-22707
_bR.128084
999 _c15600
_d15600